| 000 | 00789cam a2200289 4500 | ||
|---|---|---|---|
| 001 | D15783 | ||
| 008 | 090401t1984 xxu||||| |||| 00| 0 eng d | ||
| 020 | _a0854062130 | ||
| 035 | _a(Sirsi) u25141 | ||
| 041 | _aeng | ||
| 050 | _a711.55209421 | ||
| 082 | _2711.55209421 | ||
| 090 | _aRICS 1984/14ABC | ||
| 100 | _aHome, R K | ||
| 110 |
_aRoyal Institution of Chartered Surveyors _94900 |
||
| 245 | _aPlanning and development case study 2: Wood Green shopping city | ||
| 260 |
_aLondon _bSurveyors` Publications _c1984 |
||
| 300 | _a23p. ill. 30cm | ||
| 350 | _a0 | ||
| 520 | _aFiled in box RICS 1984/14 ABC | ||
| 650 | _aSHOPPING CENTRES | ||
| 650 | _aPLANNING | ||
| 650 | _aRETAIL PROPERTY | ||
| 650 | _aCOMMERCIAL PROPERTY | ||
| 942 |
_n0 _2ddc |
||
| 948 | _c04/03/1997 | ||
| 999 |
_c88684 _d88684 |
||